| 000 | 01034cam a2200253 i 4500 | ||
|---|---|---|---|
| 003 | SA-RiAUC | ||
| 005 | 20250422061257.0 | ||
| 008 | 250421s1961 ua a g b 000r0 ara c | ||
| 040 |
_aSA-AbKKU _bara _cSA-RiAUC _erda |
||
| 082 | 0 | 4 |
_a649.1 _qSA-RiAUC |
| 090 |
_a649.1 _b ص ب ا |
||
| 100 | 1 |
_aصباغ، عبد الرحمن بكر، _d1379 هجري- _eمؤلف. |
|
| 245 | 1 | 0 |
_aتربية النشئ في المنزل والمدرسة والمجتمع / _cتأليف عبد الرحمن بن أبي بكر الصباغ. |
| 264 | 1 |
_aالقاهرة : _bدار ممفيس للطباعة، _c1961 |
|
| 300 |
_aمجلد : _bإيضاحيات ؛ _c20 سم |
||
| 336 |
_aنص _btxt _2rdacontent _3كتاب |
||
| 337 |
_aبدون وسيط _bn _2rdamedia |
||
| 338 |
_aمجلد _bnc _2rdacarrier |
||
| 500 | _aالمكتبة يتوافر بها : مجلد 1. | ||
| 504 | _aيشتمل على ببليوجرافية. | ||
| 650 | 7 |
_aتربية الأطفال _2aucsh |
|
| 942 |
_2ddc _cBOOK _n0 |
||
| 949 |
_aSA-JeALM _d250421 _umohamedma123 _n1 |
||
| 999 |
_c7297 _d7297 |
||